<?xml version="1.0" encoding="UTF-8"?><?xml-stylesheet type="text/xsl" href="static/style.xsl"?><OAI-PMH xmlns="http://www.openarchives.org/OAI/2.0/" xmlns:xsi="http://www.w3.org/2001/XMLSchema-instance" xsi:schemaLocation="http://www.openarchives.org/OAI/2.0/ http://www.openarchives.org/OAI/2.0/OAI-PMH.xsd"><responseDate>2026-04-18T05:49:56Z</responseDate><request verb="GetRecord" identifier="oai:www.recercat.cat:2445/222049" metadataPrefix="marc">https://recercat.cat/oai/request</request><GetRecord><record><header><identifier>oai:recercat.cat:2445/222049</identifier><datestamp>2025-12-05T00:57:56Z</datestamp><setSpec>com_2072_1057</setSpec><setSpec>col_2072_478917</setSpec></header><metadata><record xmlns="http://www.loc.gov/MARC21/slim" xmlns:dcterms="http://purl.org/dc/terms/" xmlns:xsi="http://www.w3.org/2001/XMLSchema-instance" xmlns:doc="http://www.lyncode.com/xoai" xsi:schemaLocation="http://www.loc.gov/MARC21/slim http://www.loc.gov/standards/marcxml/schema/MARC21slim.xsd">
   <leader>00925njm 22002777a 4500</leader>
   <datafield ind2=" " ind1=" " tag="042">
      <subfield code="a">dc</subfield>
   </datafield>
   <datafield ind2=" " ind1=" " tag="720">
      <subfield code="a">Rivera Garretas, María-Milagros, 1947-</subfield>
      <subfield code="e">author</subfield>
   </datafield>
   <datafield ind2=" " ind1=" " tag="260">
      <subfield code="c">2025-07-07T13:58:44Z</subfield>
   </datafield>
   <datafield ind2=" " ind1=" " tag="260">
      <subfield code="c">2025-07-07T13:58:44Z</subfield>
   </datafield>
   <datafield ind2=" " ind1=" " tag="260">
      <subfield code="c">2011-02</subfield>
   </datafield>
   <datafield ind2=" " ind1=" " tag="520">
      <subfield code="a">La dio a luz Sancha Carrillo en el real de Calatayud en diciembre de 1362 o en enero&#xd;
de 1363, en la casa de su primo el rey Pedro I de Castilla. Sancha Carrillo era&#xd;
sobrina de Alfonso XI, en cuya casa se había criado. Su padre fue Martín López de&#xd;
Córdoba, camarero mayor y privado del rey, maestre de las Órdenes militares de&#xd;
Alcántara y Calatrava, y adelantado mayor de Murcia, el cual descendía de la casa de&#xd;
Aguilar y era sobrino de don Juan Manuel. Leonor se educó en el alcázar de&#xd;
Segovia -donde moriría pronto la madre- al lado de las infantas Beatriz (nacida en&#xd;
Córdoba en marzo de 1353), Constanza (nacida en Castrojeriz en julio de 1354) e&#xd;
Isabel (nacida en Tordesillas en 1356), hijas del rey y de María de padilla, que&#xd;
herederas al trono de Castilla desde 1363, y de las cuales las dos mayores eran&#xd;
madrinas de Leonor. Antes de 1367, en esa etapa de su vida anterior a los&#xd;
recuerdos, Leonor López, su madre, sus hermanas y las hijas del monarca fueron&#xd;
llevadas a Bayona como rehenes por Martín López y por Pedro I, en el marco de las&#xd;
negociaciones de este con el príncipe Negro durante el exilio del rey de Castilla.</subfield>
   </datafield>
   <datafield tag="653" ind2=" " ind1=" ">
      <subfield code="a">Memòries</subfield>
   </datafield>
   <datafield tag="653" ind2=" " ind1=" ">
      <subfield code="a">Escriptores espanyoles</subfield>
   </datafield>
   <datafield tag="653" ind2=" " ind1=" ">
      <subfield code="a">Edat mitjana</subfield>
   </datafield>
   <datafield tag="653" ind2=" " ind1=" ">
      <subfield code="a">Memoirs</subfield>
   </datafield>
   <datafield tag="653" ind2=" " ind1=" ">
      <subfield code="a">Spanish women authors</subfield>
   </datafield>
   <datafield tag="653" ind2=" " ind1=" ">
      <subfield code="a">Middle Ages</subfield>
   </datafield>
   <datafield tag="653" ind2=" " ind1=" ">
      <subfield code="a">López de Córdoba, Leonor, 1362 o 1363-1420</subfield>
   </datafield>
   <datafield ind2="0" ind1="0" tag="245">
      <subfield code="a">LEONOR LÓPEZ DE CÓRDOBA. Introducción y edición crítica. Vida y tragedias de Leonor López de Córdoba. Memorias. Dictadas en Córdoba entre 1401 y 1404</subfield>
   </datafield>
</record></metadata></record></GetRecord></OAI-PMH>